LEADER 01383nam a2200325 a 4500 001 000000129183 003 CaOOAMICUS 005 20120606102247.0 008 120606s2007 it af u000 u ita r 020 $a978-88-7698-122-7 040 $aPUL$bita 041 1 $aita$hfre 082 04$a945.38 100 1 $aGentilini, Gianni.$0(OLS)http://pul/name/82696 245 10$aPasqua 1475 :$bantigiudaismo e lotta alle eresie: il caso di Simonino /$cGianni Gentilini. 260 $aMilano :$bMedusa,$cİ2007. 300 $a206 p., [8] c. di tav. :$bill. ;$c22 cm 490 1 $aLe porpore ;$v27 500 $aInclude riferimenti bibliografici. 650 4$aEbrei$xPersecuzioni e massacri.$0(OLS)http://pul/subject/22588 650 4$aEbrei$zItalia$ySec. XIV-XVIII.$0(OLS)http://pul/subject/33974 830 3$aLe porpore ;$v27.$0(OLS)http://pul/title/107164 850 $aPUL 852 $aPUL$W1$xSL Cons. Gen., Altre Classi 3$y75$m945. 38 GENGI 1$j149589$qDDC 21$B148115$CPULBib$Z2$F148115 $H120028 $82 941 1 $a9 996 $6020$a978-88-7698-122-7$9(OLS)http://pul/number/149909 996 $6082$a945.38$9(OLS)http://pul/classification/2291 996 $6245$aPasqua 1475 :$bantigiudaismo e lotta alle eresie: il caso di Simonino$9(OLS)http://pul/title/163240 996 $6260$aMilano :$bMedusa$9(OLS)http://pul/publisher/75677 LEADER 02042nam a2200421 a 4500 001 000000129322 003 CaOOAMICUS 005 20120615150701.0 008 120615s2012 it u000 u ita r 020 $z978-88-348-2535-8 (v. 1)* 020 $z978-88-348-2536-5 (v. 2)* 040 $aPUL$bita 082 04$a346.45 245 00$aLiber amicorum per Dieter Henrich /$ca cura di G. Gabrielli [et al.] ; con la collaborazione di A. Diurni. 260 $aTorino :$bG. Giappichelli,$cİ2012. 300 $a2 v. ;$c24 cm 490 1 $aStudi di Diritto Privato 504 $aInclude riferimenti bibliografici ed indici. 505 0 $aV. 1. Parte generale e persone. -- v. 2. Famiglia e successioni. 650 4$aDiritto privato$zItalia.$0(OLS)http://pul/subject/1235 700 1 $aGabrielli, Giovanni.$0(OLS)http://pul/name/82788 700 1 $aDiurni, Amalia.$0(OLS)http://pul/name/81380 700 1 $aHenrich, Dieter,$c1930-$0(OLS)http://pul/name/38404 740 00$aParte generale e persone. 740 00$aFamiglia e successioni. 830 0$aStudi di Diritto Privato (Giappichelli).$0(OLS)http://pul/title/139333 850 $aPUL 852 $aPUL$W1$xSL Diritto e Scienze Sociali 3$y79$m346. 45 GABGI 1.1$j149772$av. 1$qDDC 21$B148289$CPULBib$Z2$F148289 $H120117 $82 852 $aPUL$W1$xSL Diritto e Scienze Sociali 3$y79$m346. 45 GABGI 1.2$j149773$av. 2$qDDC 21$B148290$CPULBib$Z2$F148290 $H120088 $82 941 1 $a9 996 $6020$z978-88-348-2535-8 (v. 1)*$9(OLS)http://pul/number/150025 996 $6020$z978-88-348-2536-5 (v. 2)*$9(OLS)http://pul/number/150026 996 $6082$a346.45$9(OLS)http://pul/classification/372 996 $6245$aLiber amicorum per Dieter Henrich$9(OLS)http://pul/title/163420 996 $6740$aFamiglia e successioni$9(OLS)http://pul/title/163422 996 $6740$aParte generale e persone$9(OLS)http://pul/title/163421 996 $6260$aTorino :$bG. Giappichelli$9(OLS)http://pul/publisher/49130